Pensamiento económico que influyó en el desarrollo latinoamericano enla segunda mitad del siglo XX /
Se brinda una aproximación simplificada de las líneas de pensamiento que han incidido en la realidad económica latinoamericana y su evolución: el estructuralismo cepalino, el monetarismo fondomonetarista, el enfoque de la dependencia y el enfoque estabilizador y el ajuste estructural. Rev/PAG
Αποθηκεύτηκε σε:
| Κύριος συγγραφέας: | |
|---|---|
| Μορφή: | Κείμενο |
| Θέματα: | |
| Ετικέτες: |
Προσθήκη ετικέτας
Δεν υπάρχουν, Καταχωρήστε ετικέτα πρώτοι!
|
MARC
| LEADER | 00000 a a2200000 04500 | ||
|---|---|---|---|
| 001 | 3509 | ||
| 003 | |||
| 040 | |||
| 100 | |a Lichtensztejn, Samuel | ||
| 245 | |a Pensamiento económico que influyó en el desarrollo latinoamericano enla segunda mitad del siglo XX / |c Samuel Lichtensztejn | ||
| 520 | |a Se brinda una aproximación simplificada de las líneas de pensamiento que han incidido en la realidad económica latinoamericana y su evolución: el estructuralismo cepalino, el monetarismo fondomonetarista, el enfoque de la dependencia y el enfoque estabilizador y el ajuste estructural. Rev/PAG | ||
| 650 | |a PENSAMIENTO ECONOMICO | ||
| 650 | |a DOCTRINAS ECONOMICAS | ||
| 650 | |a AMERICA LATINA | ||
| 773 | |g volumen 51, número 2; páginas 91-99 | ||
| 999 | |c 27746 |d 27746 | ||
